El delito de fraude del funcionario pb︢lico

Detalles Bibliográficos
Autor principal: Benavides Schiller, Andrš
Formato: eBook
Lenguaje:español
Publicado: Barcelona: J.M. Bosch Editor, 2016
Materias:
Acceso en línea:Acceso restringido

MARC

LEADER 00000nam a22000007a 4500
005 20190414193259.0
007 cr|||| ||||
008 190414s2016 es |||||s|||| 00||0 spa d
020 |a 978-84-944790-3-8 
035 |a 23089 
040 |a vLex 
090 |c 8622  |d 8622 
100 1 |a Benavides Schiller, Andrš 
245 1 2 |a El delito de fraude del funcionario pb︢lico  |h [Recurso electrn̤ico] /  |c Andrš Benavides Schiller 
256 |a Servicio en ln̕ea 
260 |a Barcelona:  |b J.M. Bosch Editor,  |c 2016 
300 |a 1 recurso electrn̤ico 
506 1 |a Disponible solo en los productos indicados  |d vLex Global  |d vLex Global (Academic Edition, excluding Law Schools)  |d vLex Global (U.S. Academic Edition, Law Schools)  |d vLex Global (U.S. Academic Edition, excluding Law Schools)  |d vLex Global (Academic Edition, Law Schools) 
650 0 4 |a Derecho Penal  |z Espaą 
740 0 |a vLex Libros (Servicio en ln̕ea) 
856 4 0 |u http://vlex.com/source/delito-fraude-funcionario-publico-23089  |z Acceso restringido 
942 |c BOOK 
999 0 |a Criminal law